[Event "Semifinale XX"]
[Site "Semifinale XX"]
[Date "1994.??.??"]
[Round "?"]
[White "Tiemann"]
[Black "Van den Wijk"]
[Result "1-0"]
[WhiteElo "2360"]
[BlackElo "2410"]
[PlyCount "57"]
[EventDate "1994.??.??"]
[Source "www.chesslib.no"]
[SourceDate "2004.05.04"]

1. e4 e5 2. Nf3 Qe7 3. Nc3 c6 4. d4 d6 5. Be3 Nf6 6. Qd2 Bg4 7. Be2 g6 8. O-O-O Nbd7 9. dxe5 dxe5 10. h3 Bxf3 11. Bxf3 Bg7 12. Be2 a6 13. g4 h6 14. h4 Nc5 15. Bf3 Nfd7 16. Ne2 Qe6 17. Kb1 O-O-O 18. Qb4 Bf8 19. Nc3 Nd3 20. Qa5 Nf4 21. Ne2 Nxe2 22. Bxe2 Bd6 23. Rd3 Bc7 24. Qb4 a5 25. Qa4 Qe7 26. Qc4 Nf8 27. Rb3 Qe6 28. Qc5 a4 29. Rxb7 1-0

[Event "It (b)"]
[Site "Dubna (Russia)"]
[Date "2007.08.09"]
[Round "13"]
[White "Ozolin Maxim (RUS)"]
[Black "Dmitrenko Viktor (UKR)"]
[Result "1/2-1/2"]
[WhiteElo "2406"]
[BlackElo "2362"]
[PlyCount "77"]
[EventDate "2007.??.??"]
[Source "www.chesslib.no"]
[SourceDate "2004.05.04"]

1. e4 e5 2. Nf3 Qe7 3. Nc3 c6 4. d4 d6 5. a4 Bg4 6. Be3 Nf6 7. h3 Bh5 8. Be2 Qc7 9. Nd2 Bxe2 10. Qxe2 Be7 11. O-O O-O 12. Nc4 Na6 13. Rfd1 Nb4 14. d5 cxd5 15. exd5 Qd7 16. Bg5 Qf5 17. Bxf6 Qxf6 18. Ne4 Qg6 19. c3 Na6 20. Na5 Rab8 21. b4 f5 22. Nd2 Nc7 23. c4 Na6 24. c5 Nxb4 25. Ndc4 e4 26. Nxd6 Bxd6 27. cxd6 Qxd6 28. Nc4 Qa6 29. d6 Rbd8 30. Rd4 Nd3 31. Qa2 Kh8 32. Qb3 Qc6 33. Qb5 Qd7 34. Qxd7 Rxd7 35. f3 Nf4 36. Re1 Nd3 37. Rf1 Nf4 38. Re1 Nd3 39. Rf1 1/2-1/2

[Event "Chigorin mem"]
[Site "St Petersburg"]
[Date "1999.11.06"]
[Round "5"]
[White "Cherniaev, Alexander"]
[Black "Soldatenkov, Kusma"]
[Result "1/2-1/2"]
[WhiteElo "2432"]
[BlackElo "2335"]
[PlyCount "87"]
[EventDate "1999.11.02"]
[Source "ChessBase"]
[SourceDate "2000.02.01"]

1. e4 e5 2. Nf3 Qe7 3. Bc4 d6 4. O-O h6 5. d4 Nf6 6. Re1 Bg4 7. c3 Nbd7 8. Nbd2 Nb6 9. Bb3 g6 10. h3 Bxf3 11. Nxf3 Bg7 12. a4 O-O 13. a5 Nbd7 14. dxe5 dxe5 15. Nh2 Nc5 16. Bc2 b5 17. Ng4 Nxg4 18. hxg4 a6 19. g3 Rfd8 20. Qe2 Ne6 21. Kg2 c5 22. Rh1 g5 23. Be3 Rd7 24. Rhd1 Rxd1 25. Rxd1 Rd8 26. Rd5 Qc7 27. b4 Bf8 28. Qf3 Re8 29. Bb3 cxb4 30. cxb4 Bxb4 31. Bb6 Qc3 32. Rd3 Qc8 33. Bd5 Qd7 34. Rd1 Bf8 35. Qc3 Nf4+ 36. gxf4 Qxg4+ 37. Qg3 Qxd1 38. fxg5 Qh5 39. g6 Re6 40. gxf7+ Kxf7 41. f4 Qe2+ 42. Bf2 Ke7 43. Qh4+ Rf6 44. fxe5 1/2-1/2

[Event "CSR-ch"]
[Site "Sumperk"]
[Date "1984.??.??"]
[Round "3"]
[White "Prandstetter, Eduard"]
[Black "Tibensky, Robert"]
[Result "1-0"]
[WhiteElo "2435"]
[BlackElo "2330"]
[PlyCount "46"]
[EventDate "1984.06.??"]
[Source "ChessBase"]

1. e4 e5 2. Nf3 Qe7 3. Bc4 d6 4. O-O g6 5. d4 Bg7 6. dxe5 dxe5 7. b3 Bg4 8. h3 Bxf3 9. Qxf3 Nc6 10. Ba3 Qf6 11. Bb5 Qe6 12. Nc3 Bf8 13. Bb2 Bg7 14. Rad1 Rc8 15. Nd5 Nf6 16. Bc4 Qd6 17. Ba3 Qxa3 18. Nxf6+ Bxf6 19. Qxf6 O-O 20. Rd7 Nd8 21. Rfd1 b5 22. Bxb5 Qa5 23. Bc4 Qb6 1-0

[Event "Chigorin mem"]
[Site "St Petersburg"]
[Date "1999.11.05"]
[Round "4"]
[White "Shinkevich, Vitaly"]
[Black "Soldatenkov, Kusma"]
[Result "1-0"]
[WhiteElo "2428"]
[BlackElo "2335"]
[PlyCount "73"]
[EventDate "1999.11.02"]
[Source "ChessBase"]
[SourceDate "2000.02.01"]

1. e4 e5 2. Nf3 Qe7 3. Nc3 c6 4. Bc4 d6 5. h3 Be6 6. Be2 h6 7. d4 Qc7 8. O-O Ne7 9. a4 g5 10. Be3 a5 11. d5 Bd7 12. Nd2 Ng6 13. Nc4 c5 14. Bg4 Be7 15. g3 Bxg4 16. Qxg4 Ra6 17. Ra3 Nd7 18. Bd2 Nf6 19. Qf5 Nh5 20. Qf3 Ng7 21. Nd1 Qd7 22. Qg4 Bd8 23. Rb3 Qc7 24. Bxa5 Qb8 25. Bxd8 Kxd8 26. a5 Qc8 27. Nc3 Ne7 28. Qf3 f5 29. Nb5 Kd7 30. Nb6+ Rxb6 31. axb6 h5 32. Nc7 g4 33. Qe2 Ng6 34. hxg4 hxg4 35. exf5 Nxf5 36. Qxg4 Nge7 37. Qa4+ 1-0

[Event "13 open"]
[Site "Castellar del Vallés"]
[Date "2004.07.21"]
[Round "8.9"]
[White "Pablo Marin, Alejandro"]
[Black "Gonzalez Rodriguez, Jorge Armando"]
[Result "1-0"]
[WhiteElo "2404"]
[BlackElo "2348"]
[PlyCount "57"]
[EventDate "2004.07.14"]
[Source "Roberto Alvarez"]
[SourceDate "2003.08.04"]

1. e4 e5 2. Nf3 Qe7 3. Bc4 h6 4. O-O d6 5. d4 Nf6 6. Re1 Bg4 7. c3 Nbd7 8. Nbd2 g6 9. h3 Bxf3 10. Nxf3 Bg7 11. Qb3 Rb8 12. a4 O-O 13. a5 Kh7 14. Be3 Nxe4 15. dxe5 dxe5 16. Bxa7 Nec5 17. Qb4 Ra8 18. Bxc5 Nxc5 19. Nxe5 Bxe5 20. f4 f6 21. fxe5 fxe5 22. a6 Ra7 23. Rf1 h5 24. Rxf8 Qxf8 25. Rf1 Qd6 26. Qb5 bxa6 27. Qb8 Qb6 28. Rf7+ Kh6 29. Qxb6 1-0

[Event "Isla Guitart Open"]
[Site "Isla Guitart"]
[Date "1994.??.??"]
[Round "?"]
[White "Subit, Jose L"]
[Black "Garcia, Osmel"]
[Result "1-0"]
[WhiteElo "2370"]
[BlackElo "2365"]
[PlyCount "75"]
[EventDate "1994.??.??"]
[Source "www.chesslib.no"]
[SourceDate "2004.05.04"]

1. e4 e5 2. Nf3 Qe7 3. Bc4 h6 4. O-O d6 5. d4 c6 6. b3 Nd7 7. Ba3 Qf6 8. Re1 Ne7 9. Nbd2 Ng6 10. Nf1 Nb6 11. Ne3 Bd7 12. Bf1 O-O-O 13. c4 Nh4 14. Nxh4 Qxh4 15. dxe5 dxe5 16. Bxf8 Rhxf8 17. c5 Be6 18. Qc2 Na8 19. Qc3 Qf6 20. b4 Nc7 21. b5 cxb5 22. a4 b4 23. Qxb4 Rd4 24. Qa5 Kb8 25. Rab1 Bd7 26. Bb5 Rc8 27. Bxd7 Rxd7 28. Ng4 Qa6 29. Qc3 f6 30. c6 Ne6 31. Nxe5 Rd4 32. Qg3 Rc7 33. Nf3 Rc4 34. Rxb7+ Kc8 35. Rxc7+ Nxc7 36. Qg4+ Kb8 37. Rb1+ Ka8 38. Qd7 1-0

[Event "13 open"]
[Site "Castellar del Vallés"]
[Date "2004.07.18"]
[Round "5.9"]
[White "Vehi Bach, Victor"]
[Black "Gonzalez Rodriguez, Jorge Armando"]
[Result "1-0"]
[WhiteElo "2379"]
[BlackElo "2348"]
[PlyCount "57"]
[EventDate "2004.07.14"]
[Source "Roberto Alvarez"]
[SourceDate "2003.08.04"]

1. e4 e5 2. Nf3 Qe7 3. Bc4 h6 4. O-O d6 5. d4 Nf6 6. Re1 c6 7. a4 Bg4 8. c3 g5 9. Nbd2 Qc7 10. Qb3 b6 11. Nf1 Bh5 12. Ng3 Bg6 13. d5 a6 14. dxc6 Nxc6 15. Qd1 Na5 16. Bd3 Bg7 17. b4 Nc6 18. Qe2 Nb8 19. Bd2 O-O 20. h4 g4 21. Nh2 h5 22. f3 gxf3 23. Qxf3 Nbd7 24. Nf5 d5 25. Ne7+ Kh7 26. exd5 e4 27. Bxe4 Bxe4 28. Rxe4 Nxe4 29. Qxh5+ 1-0

[Event "St. Petersburg (Russia)"]
[Site "?"]
[Date "1997.??.??"]
[Round "8"]
[White "Alagulian Kamo"]
[Black "Isajevsky Anton"]
[Result "0-1"]
[WhiteElo "2293"]
[BlackElo "2432"]
[PlyCount "74"]
[EventDate "1997.??.??"]
[Source "www.chesslib.no"]
[SourceDate "2004.05.04"]

1. e4 e5 2. Nf3 Qe7 3. Bc4 d6 4. d3 g6 5. Nc3 c6 6. Ng5 Nh6 7. O-O f6 8. Nf3 Bg7 9. d4 Nf7 10. Be3 O-O 11. Qd2 Be6 12. Bxe6 Qxe6 13. dxe5 dxe5 14. Rad1 Rd8 15. Qc1 Nd7 16. Rd3 Bf8 17. Rfd1 Bd6 18. a3 Nb6 19. b3 Kh8 20. R1d2 Qe7 21. Nb1 Nd7 22. Qd1 Nf8 23. c4 Ne6 24. b4 b6 25. Nc3 f5 26. g3 f4 27. gxf4 exf4 28. Bd4+ Nxd4 29. Rxd4 Kg8 30. e5 Nxe5 31. Nxe5 Qxe5 32. Rxd6 Rxd6 33. Rxd6 Qxc3 34. Rxc6 Re8 35. Qd5+ Kh8 36. Rc7 f3 37. h4 Qe1+ 0-1

[Event "Mancha Real UPI"]
[Site "Mancha Real"]
[Date "2001.07.31"]
[Round "2"]
[White "Rodriguez Guerrero, Enrique"]
[Black "Gonzalez Rodriguez, Jorge A"]
[Result "1-0"]
[WhiteElo "2295"]
[BlackElo "2428"]
[PlyCount "95"]
[EventDate "2001.07.30"]
[Source "ChessBase"]
[SourceDate "2001.09.11"]

1. e4 e5 2. Nf3 Qe7 3. Bc4 h6 4. O-O Nf6 5. Re1 c6 6. d4 d6 7. b3 Bg4 8. Bb2 Nbd7 9. Nbd2 g5 10. Be2 O-O-O 11. a4 Bh5 12. b4 Bg6 13. b5 c5 14. dxe5 Nxe5 15. Nxe5 dxe5 16. Bd3 Nh5 17. Nc4 f6 18. Qd2 Nf4 19. Qa5 Kb8 20. Nxe5 Bh5 21. Bf1 Rc8 22. Nc4 Qe6 23. e5 f5 24. Nd6 Rc7 25. Bc4 Qg6 26. b6 axb6 27. Qxb6 Rhh7 28. a5 Bxd6 29. Qxd6 Ka7 30. Qxg6 Nxg6 31. e6 Ne7 32. Re5 Rh8 33. Rxf5 Nxf5 34. Bxh8 Nd4 35. Bxd4 cxd4 36. Bd3 Rc5 37. Re1 Rxa5 38. f3 Be8 39. e7 Kb8 40. Re6 Kc7 41. Rxh6 Re5 42. h4 Kd7 43. hxg5 Rxg5 44. Rh4 Rd5 45. Bc4 Rc5 46. Rxd4+ Kxe7 47. Bd3 Kf6 48. Kf2 1-0

[Event "Balatonbereny op"]
[Site "?"]
[Date "1996.??.??"]
[Round "5"]
[White "Feher Gyula"]
[Black "Ezsol Miklos"]
[Result "1/2-1/2"]
[WhiteElo "2395"]
[BlackElo "2325"]
[PlyCount "89"]
[EventDate "1996.??.??"]
[Source "www.chesslib.no"]
[SourceDate "2004.05.04"]

1. e4 e5 2. Nf3 Qe7 3. Nc3 c6 4. d4 d6 5. Bc4 h6 6. a4 Nf6 7. O-O Bg4 8. Re1 Nbd7 9. d5 Nb6 10. Bf1 cxd5 11. a5 Nbd7 12. Nxd5 Nxd5 13. Qxd5 Rb8 14. a6 b6 15. Bb5 Be6 16. Qd3 f6 17. Nh4 Kf7 18. Nf5 Nc5 19. Qf3 Qc7 20. Ra3 g6 21. Ne3 Qd8 22. b4 Nxe4 23. Qxe4 d5 24. Qh4 d4 25. Rd3 Qc8 26. c3 dxe3 27. Bxe3 Bf5 28. Rdd1 Be7 29. Rc1 g5 30. Qh5+ Kg7 31. h3 Rd8 32. Qf3 Bd3 33. Bxd3 Rxd3 34. Red1 Qxa6 35. Rxd3 Qxd3 36. Qc6 Qd6 37. Qb5 f5 38. f3 Kf6 39. Qa4 Qd3 40. Bf2 Qd2 41. Rd1 Qxc3 42. Qxa7 Rc8 43. Qxb6+ Rc6 44. Qb8 Rc8 45. Qb6+ 1/2-1/2

[Event "Zonale 2.3"]
[Site "Santo Domingo DOM"]
[Date "2007.06.06"]
[Round "9"]
[White "Mendoza, Raf"]
[Black "Dominguez, JM."]
[Result "1-0"]
[WhiteElo "2390"]
[BlackElo "2330"]
[PlyCount "89"]
[EventDate "2007.05.30"]
[Source "www.chesslib.no"]
[SourceDate "2004.05.04"]

1. e4 e5 2. Nf3 Qe7 3. Nc3 c6 4. d4 d6 5. a4 Nf6 6. Be2 Qc7 7. O-O Be7 8. b3 a5 9. Bb2 O-O 10. Re1 Bg4 11. h3 Bh5 12. dxe5 dxe5 13. Nh4 Rd8 14. Qc1 Bxe2 15. Rxe2 Nh5 16. Nf5 Nf4 17. Nxe7+ Qxe7 18. Re3 Qg5 19. Rg3 Qh5 20. Qe3 Na6 21. Rg4 Nb4 22. Re1 Nxc2 23. Qg3 Nd4 24. Rxg7+ Kh8 25. Rxf7 Rg8 26. Qxf4 exf4 27. Nd5 Rxg2+ 28. Kxg2 Qg6+ 29. Kh2 Qxf7 30. Bxd4+ Kg8 31. Rg1+ Kf8 32. Bc5+ Ke8 33. Nb6 Rd8 34. Rg5 Rd3 35. Re5+ Kd8 36. Rf5 Qxf5 37. exf5 Rc3 38. Nc4 Rc2 39. Kg2 b5 40. Nxa5 Ke8 41. b4 Rc3 42. Nxc6 Kf7 43. Nd8+ Ke8 44. f6 f3+ 45. Kg3 1-0

[Event "Mislata"]
[Site "?"]
[Date "2006.08.30"]
[Round "9.8"]
[White "Vallejo Diaz Jesus"]
[Black "Gonzalez Rodriguez Jorge"]
[Result "0-1"]
[WhiteElo "2265"]
[BlackElo "2447"]
[PlyCount "72"]
[EventDate "2006.??.??"]
[Source "www.chesslib.no"]
[SourceDate "2004.05.04"]

1. e4 e5 2. Nf3 Qe7 3. Nc3 c6 4. d4 d6 5. a4 Bg4 6. Be2 a5 7. Be3 Bxf3 8. Bxf3 Qc7 9. Be2 Nf6 10. O-O Nbd7 11. f4 Be7 12. Kh1 O-O 13. Qd2 Rad8 14. Bf3 Rfe8 15. Qf2 Bf8 16. dxe5 dxe5 17. f5 b6 18. g4 Kh8 19. g5 Ng8 20. Be2 f6 21. h4 Bc5 22. Bc4 Bxe3 23. Qxe3 Nc5 24. Rg1 Rd4 25. Bxg8 Rxg8 26. Rg4 Qe7 27. Rag1 Qd8 28. Ne2 Rd1 29. gxf6 Rxg1+ 30. Qxg1 Qxf6 31. b3 Rd8 32. Qe3 Rd1+ 33. Ng1 Qd8 34. Qf3 Re1 35. Rg2 Qxh4+ 36. Rh2 Qxe4 0-1

[Event "HUN-chT2 9900"]
[Site "?"]
[Date "1999.11.14"]
[Round "4"]
[White "Haag Ervin"]
[Black "Ezsol Miklos"]
[Result "1/2-1/2"]
[WhiteElo "2338"]
[BlackElo "2367"]
[PlyCount "108"]
[EventDate "1999.??.??"]
[Source "www.chesslib.no"]
[SourceDate "2004.05.04"]

1. e4 e5 2. Nf3 Qe7 3. Bc4 d6 4. d3 h6 5. Nc3 c6 6. a4 Nf6 7. Ba2 Na6 8. O-O Bg4 9. Ne2 Bxf3 10. gxf3 Nh5 11. Kh1 Nc5 12. c3 Ne6 13. d4 Qf6 14. Ng3 Nxg3+ 15. fxg3 exd4 16. Bxe6 fxe6 17. cxd4 d5 18. Bf4 Bb4 19. Be5 Qe7 20. exd5 exd5 21. f4 O-O-O 22. Qg4+ Rd7 23. f5 h5 24. Qf4 Rf8 25. Rac1 Qd8 26. Rc2 Rdf7 27. Rcf2 b6 28. Qc1 Kb7 29. Kg2 Be7 30. h4 Qd7 31. Qc2 c5 32. b3 Rc8 33. Qe2 Bf6 34. Qxh5 cxd4 35. Bxf6 Rxf6 36. Qd1 Rc3 37. Qxd4 Rxb3 38. Rd1 Rd6 39. Rf4 Qe7 40. Rg4 Rd7 41. Kh3 a5 42. Qf2 Rb4 43. Rdd4 Rb3 44. h5 Qe5 45. Rg6 Rf7 46. Rf4 Qa1 47. h6 gxh6 48. f6 Rc3 49. Rg7 Rcc7 50. Rxf7 Rxf7 51. Qf3 Qe5 52. Rf5 Qe6 53. g4 Kc6 54. Qc3+ Kd7 1/2-1/2

[Event "UKR-ch (Women)"]
[Site "Kramatorsk"]
[Date "2001.03.28"]
[Round "3"]
[White "Rohonyan, Katerina"]
[Black "Kononenko, Tatiana"]
[Result "0-1"]
[WhiteElo "2340"]
[BlackElo "2361"]
[PlyCount "50"]
[EventDate "2001.03.26"]
[Source "ChessBase"]
[SourceDate "2001.05.06"]

1. e4 e5 2. Nf3 Qe7 3. Nc3 c6 4. d4 d6 5. Be2 g6 6. O-O Bg7 7. a4 Nf6 8. dxe5 dxe5 9. b3 c5 10. Bg5 Be6 11. Bb5+ Kf8 12. Nxe5 h6 13. Be3 Kg8 14. Nd3 Ng4 15. Bxc5 Qc7 16. e5 Nxe5 17. Ne4 Nxd3 18. Bxd3 Nd7 19. Bd6 Qc6 20. Re1 a6 21. Rb1 Kh7 22. c4 f5 23. Nf6+ Nxf6 24. Rxe6 Qd7 25. Qe2 Ne4 0-1

[Event "Balatonbereny Open"]
[Site "Balatonbereny HUN"]
[Date "1994.??.??"]
[Round "9"]
[White "Madl, Ildiko"]
[Black "Dodu, Petre"]
[Result "1-0"]
[WhiteElo "2420"]
[BlackElo "2275"]
[PlyCount "45"]
[EventDate "1994.09.??"]
[Source "www.chesslib.no"]
[SourceDate "2004.05.04"]

1. e4 e5 2. Nf3 Qe7 3. Bc4 c6 4. O-O d6 5. d4 Nh6 6. a4 g6 7. dxe5 dxe5 8. h3 f6 9. b3 Nd7 10. Ba3 Nc5 11. Qe2 Nf7 12. Qe3 b6 13. Nc3 Nd8 14. b4 Ncb7 15. b5 c5 16. Nd5 Qg7 17. Bb2 Ne6 18. Nxf6+ Qxf6 19. Bxe5 Qxe5 20. Nxe5 Bg7 21. f4 O-O 22. Rad1 Kh8 23. Qg3 1-0

[Event "ch-Kiev"]
[Site "?"]
[Date "2005.01.24"]
[Round "7"]
[White "Kernazhitsky Leonid"]
[Black "Chichkin Vasily"]
[Result "1/2-1/2"]
[WhiteElo "2377"]
[BlackElo "2311"]
[PlyCount "52"]
[EventDate "2005.??.??"]
[Source "www.chesslib.no"]
[SourceDate "2004.05.04"]

1. e4 e5 2. Nf3 Qe7 3. Nc3 c6 4. d4 d6 5. Be3 Nf6 6. dxe5 dxe5 7. Qd2 Qc7 8. Bd3 Nbd7 9. h3 Be7 10. Ne2 Nc5 11. Bxc5 Bxc5 12. Qg5 O-O 13. Qxe5 Bd6 14. Qg5 Re8 15. Nd2 Nd7 16. Nc4 Bb4+ 17. c3 Be7 18. Qg3 Qxg3 19. Nxg3 Nc5 20. O-O-O Be6 21. b3 Rad8 22. Kc2 Bh4 23. Rhe1 Bxg3 24. fxg3 b6 25. Re3 Bxc4 26. Bxc4 Rxd1 1/2-1/2

[Event "HUN-chT 0203"]
[Site "?"]
[Date "2003.02.02"]
[Round "6"]
[White "Lakos Nikoletta"]
[Black "Mozes Ervin"]
[Result "1/2-1/2"]
[WhiteElo "2287"]
[BlackElo "2399"]
[PlyCount "26"]
[EventDate "2003.??.??"]
[Source "www.chesslib.no"]
[SourceDate "2004.05.04"]

1. e4 e5 2. Nf3 Qe7 3. Bc4 d6 4. O-O Bg4 5. h3 Bh5 6. Re1 c6 7. a4 Nd7 8. Be2 Ngf6 9. Nc3 Nc5 10. d3 Bxf3 11. Bxf3 Ne6 12. Be3 g6 13. d4 exd4 1/2-1/2

[Event "Mislata op 5th"]
[Site "Mislata"]
[Date "1996.??.??"]
[Round "4"]
[White "Gonzalez, Renier"]
[Black "Munoz Orts, German"]
[Result "1-0"]
[WhiteElo "2450"]
[BlackElo "2235"]
[PlyCount "49"]
[EventDate "1996.08.??"]
[Source "www.chesslib.no"]
[SourceDate "2004.05.04"]

1. e4 e5 2. Nf3 Qe7 3. Bc4 h6 4. O-O d6 5. h3 Nd7 6. Nc3 c6 7. d4 Ngf6 8. Re1 Nh7 9. dxe5 dxe5 10. Be3 Qf6 11. Nh2 g5 12. Ne2 Qg6 13. Ng3 Ndf6 14. Nf3 Nd7 15. Qd2 Qd6 16. Qe2 Rg8 17. Nf5 Qf6 18. Nh2 Qg6 19. Rad1 Nhf6 20. Nd6+ Bxd6 21. Rxd6 Qxe4 22. f3 Qh7 23. Bd4 Kf8 24. Bxe5 Qf5 25. Bxf6 1-0

[Event "Mancha Real schev"]
[Site "Mancha Real"]
[Date "2002.08.02"]
[Round "1"]
[White "Almagro Mazariegos, Sebastian"]
[Black "Gonzalez Rodriguez, Jorge A"]
[Result "1-0"]
[WhiteElo "2292"]
[BlackElo "2391"]
[PlyCount "93"]
[EventDate "2002.08.02"]
[Source "ChessBase"]
[SourceDate "2002.09.11"]

1. e4 e5 2. Nf3 Qe7 3. Bc4 h6 4. O-O d6 5. d4 Bg4 6. c3 c6 7. Re1 g5 8. dxe5 dxe5 9. Nbd2 Nd7 10. Nf1 Bh5 11. Ng3 Bg6 12. Be3 Ngf6 13. Nf5 Bxf5 14. exf5 Bg7 15. Bd4 Nh7 16. Qe2 f6 17. Nd2 Nhf8 18. Qh5+ Kd8 19. a4 Nb6 20. Bb3 Kc7 21. Qf3 Rd8 22. a5 Nc8 23. a6 b6 24. Ba4 Qe8 25. Nc4 Rh7 26. Bc2 Bh8 27. Nxe5 fxe5 28. f6 Rxd4 29. cxd4 e4 30. Bxe4 Rf7 31. Qg3+ Kd8 32. Bf5 Qxe1+ 33. Rxe1 Nd7 34. Qe3 Nd6 35. Bxd7 Kxd7 36. Qe6+ Kc7 37. d5 Bxf6 38. Rc1 c5 39. b4 Bd4 40. bxc5 Bxc5 41. Rc2 h5 42. g3 g4 43. Qg6 Re7 44. Kg2 Rd7 45. Qxh5 Nb5 46. Qxg4 Nd4 47. Qxd4 1-0

[Event "NED Ch sf"]
[Site "Enschede NED"]
[Date "1994.??.??"]
[Round "8"]
[White "Van de Oudeweetering, Arthur"]
[Black "Zagema, Wieb"]
[Result "1/2-1/2"]
[WhiteElo "2325"]
[BlackElo "2355"]
[PlyCount "86"]
[EventDate "1994.11.??"]
[Source "www.chesslib.no"]
[SourceDate "2004.05.04"]

1. e4 e5 2. Nf3 Qe7 3. Nc3 c6 4. d4 d6 5. a4 h6 6. Be2 g5 7. dxe5 dxe5 8. b3 Qf6 9. Bb2 Nd7 10. O-O Bc5 11. Na2 Ne7 12. b4 Bd6 13. Nd2 Bc7 14. Nc4 Nb6 15. Nxb6 axb6 16. Nc1 Ng6 17. Bg4 Bxg4 18. Qxg4 h5 19. Qf5 Qxf5 20. exf5 Ne7 21. f6 Ng6 22. Nd3 O-O 23. f3 Bd8 24. Nxe5 Bxf6 25. Nc4 Bxb2 26. Nxb2 Nf4 27. Nc4 b5 28. axb5 cxb5 29. Nd6 Ra4 30. Rxa4 bxa4 31. Ra1 Rd8 32. Nxb7 Rd2 33. g3 Nh3+ 34. Kf1 Rxh2 35. Rxa4 Rxc2 36. b5 Rf2+ 37. Ke1 Rxf3 38. Rb4 Rxg3 39. b6 Rg1+ 40. Kd2 Rg2+ 41. Ke1 Rg1+ 42. Kd2 Rg2+ 43. Ke1 Rg1+ 1/2-1/2

[Event "Miskolc Avas op 7th"]
[Site "?"]
[Date "2002.07.25"]
[Round "3"]
[White "Varadi Viktor"]
[Black "Mozes Ervin"]
[Result "1-0"]
[WhiteElo "2272"]
[BlackElo "2399"]
[PlyCount "47"]
[EventDate "2002.??.??"]
[Source "www.chesslib.no"]
[SourceDate "2004.05.04"]

1. e4 e5 2. Nf3 Qe7 3. Nc3 c6 4. d4 d6 5. Bc4 Bg4 6. dxe5 dxe5 7. h3 Bxf3 8. Qxf3 Nd7 9. Be3 Qf6 10. Qg4 Qg6 11. O-O-O Ngf6 12. Qe2 Bc5 13. g4 Bxe3+ 14. Qxe3 h6 15. Kb1 Qg5 16. Qe2 O-O 17. h4 Qf4 18. g5 hxg5 19. hxg5 Qxg5 20. f4 Qxf4 21. Rdf1 Qg3 22. Rfg1 Qf4 23. Qg2 Ng4 24. Ne2 1-0

[Event "Witley"]
[Site "Witley"]
[Date "1996.??.??"]
[Round "3"]
[White "Sylvan, Jacob"]
[Black "Rizouk, Ryad"]
[Result "1/2-1/2"]
[WhiteElo "2285"]
[BlackElo "2385"]
[PlyCount "93"]
[EventDate "1996.??.??"]
[Source "www.chesslib.no"]
[SourceDate "2004.05.04"]

1. e4 e5 2. Nf3 Qe7 3. Nc3 c6 4. Bc4 g6 5. d4 d6 6. h3 Bg7 7. O-O Nf6 8. a4 O-O 9. Re1 Nbd7 10. Be3 Nxe4 11. Nxe4 d5 12. dxe5 dxe4 13. Bg5 Qc5 14. Rxe4 Nxe5 15. Nxe5 Bxe5 16. Qe2 Bh2+ 17. Kxh2 Qxg5 18. Rd1 a6 19. Bb3 b5 20. Qe3 Qxe3 21. Rxe3 c5 22. Bd5 Ra7 23. Rde1 Bf5 24. c3 bxa4 25. Re7 Rxe7 26. Rxe7 Rd8 27. c4 Be6 28. Bxe6 fxe6 29. Rxe6 Rd4 30. Rxa6 Rxc4 31. Kg3 Rb4 32. f4 Kf7 33. Kf3 Rb3+ 34. Ke4 Rxb2 35. Rxa4 Rb4+ 36. Rxb4 cxb4 37. Kd4 Ke6 38. g4 b3 39. Kc3 Kd5 40. Kxb3 Ke4 41. f5 gxf5 42. gxf5 Kxf5 43. Kc3 Kf4 44. Kd3 Kf3 45. Kd2 h5 46. Ke1 Kg2 47. h4 1/2-1/2

[Event "Serbia-ch"]
[Site "Leskovac"]
[Date "2002.02.17"]
[Round "3"]
[White "Vratonjic, Slobodan"]
[Black "Puzic, Slobodan"]
[Result "1-0"]
[WhiteElo "2432"]
[BlackElo "2233"]
[PlyCount "87"]
[EventDate "2002.02.15"]
[Source "ChessBase"]
[SourceDate "2002.03.14"]

1. e4 e5 2. Nf3 Qe7 3. Nc3 c6 4. d4 d6 5. h3 h6 6. a4 Nf6 7. Bd3 Qc7 8. O-O Be7 9. Be3 O-O 10. Nd2 Nbd7 11. f4 exd4 12. Bxd4 Nh7 13. Qf3 Bf6 14. Be3 b6 15. e5 dxe5 16. Qe4 g6 17. f5 g5 18. Qg4 Bg7 19. Nde4 Nhf6 20. Qf3 Bb7 21. g4 Nxe4 22. Nxe4 Nf6 23. h4 Nxe4 24. Bxe4 Bf6 25. hxg5 hxg5 26. Kg2 Qe7 27. Rh1 Kg7 28. Rh3 Rh8 29. Rah1 Rag8 30. Rh5 Rxh5 31. gxh5 g4 32. h6+ Kh7 33. Qe2 c5 34. Qc4 Qd7 35. Kg3 Bxe4 36. Qxe4 Rd8 37. Kxg4 Qe8 38. Kf3 Qd7 39. Rg1 Rg8 40. Rxg8 Kxg8 41. b3 Qd1+ 42. Kg3 Qh5 43. Qf3 Qh4+ 44. Kg2 1-0

[Event "Cairo Open"]
[Site "Cairo EGY"]
[Date "1996.??.??"]
[Round "7"]
[White "Gobrial, Ayuad G"]
[Black "Rizouk, Ryad"]
[Result "0-1"]
[WhiteElo "2250"]
[BlackElo "2415"]
[PlyCount "68"]
[EventDate "1996.??.??"]
[Source "www.chesslib.no"]
[SourceDate "2004.05.04"]

1. e4 e5 2. Nf3 Qe7 3. Nc3 c6 4. d4 d6 5. Be3 Nd7 6. Qd2 g6 7. d5 c5 8. h4 Ngf6 9. Bh6 Bxh6 10. Qxh6 a6 11. a4 Nh5 12. Nd2 Ndf6 13. Be2 Nf4 14. Bf3 Bg4 15. g3 Bxf3 16. Nxf3 N4h5 17. Nd2 O-O-O 18. Nc4 Rhf8 19. Rb1 Nd7 20. b4 cxb4 21. Rxb4 Nc5 22. Rb6 f5 23. exf5 Rxf5 24. Qe3 Qc7 25. O-O Nf6 26. f3 e4 27. Rb4 exf3 28. Nb6+ Kb8 29. a5 Re8 30. Qd2 Nce4 31. Nxe4 Nxe4 32. Qd3 Nxg3 33. Rc4 Qe7 34. Rxf3 Qe1+ 0-1

[Event "Open"]
[Site "Sevilla op"]
[Date "1993.??.??"]
[Round "8"]
[White "Lalic, Susan"]
[Black "Gonzalez, G."]
[Result "1-0"]
[WhiteElo "2335"]
[BlackElo "2330"]
[PlyCount "77"]
[EventDate "1993.??.??"]
[Source "www.chesslib.no"]
[SourceDate "2004.05.04"]

1. e4 e5 2. Nf3 Qe7 3. Nc3 c6 4. Be2 d6 5. d4 h6 6. O-O Nf6 7. Re1 Qc7 8. a4 a5 9. Bc4 Be7 10. h3 O-O 11. Ba2 Re8 12. Be3 Bf8 13. Nh4 Be6 14. Qf3 Bxa2 15. Rxa2 Nh7 16. Raa1 Qe7 17. Nf5 Qf6 18. d5 Na6 19. Rad1 c5 20. Nb5 Red8 21. h4 Rd7 22. Nxh6+ Kh8 23. Qg4 Rad8 24. Nf5 Qg6 25. Qh3 Nf6 26. Bg5 Rc8 27. Bxf6 Qxf6 28. Nxg7 Rdd8 29. Nf5 c4 30. Re3 Nc5 31. Qg4 Bh6 32. Qh5 Kh7 33. Nxh6 Qxh6 34. Qxf7+ Kh8 35. Rg3 Rg8 36. Nxd6 Rxg3 37. Nxc8 Nxe4 38. d6 Rg7 39. Qf8+ 1-0

[Event "European Club Cup 2002"]
[Site "?"]
[Date "2002.09.27"]
[Round "6.99"]
[White "Tseitlin Mark D"]
[Black "Plumanns Dieter"]
[Result "1-0"]
[WhiteElo "2472"]
[BlackElo "2193"]
[PlyCount "57"]
[EventDate "2002.??.??"]
[Source "www.chesslib.no"]
[SourceDate "2004.05.04"]

1. e4 e5 2. Nf3 Qe7 3. Bc4 d6 4. Nc3 c6 5. O-O Bg4 6. a4 Nf6 7. h3 Bh5 8. Re1 Qc7 9. d4 Be7 10. g4 Bg6 11. dxe5 dxe5 12. Nh4 O-O 13. Qf3 Nbd7 14. Nxg6 hxg6 15. h4 Ne8 16. g5 Nd6 17. Ba2 Rfe8 18. h5 Nf8 19. Kg2 Qd8 20. hxg6 Nxg6 21. Qh5 Kf8 22. Rh1 Bf6 23. Be3 Ke7 24. Rad1 Qa5 25. Qf3 Rh8 26. gxf6+ gxf6 27. Rxd6 Nf4+ 28. Bxf4 Kxd6 29. Bg5 1-0